<?xml version="1.0" encoding="UTF-8"?>
<marc:record xmlns:marc="http://www.loc.gov/MARC21/slim">
   <marc:leader>00000nam a2200000 a 4500</marc:leader>
   <marc:datafield ind1="1" ind2=" " tag="100">
      <marc:subfield code="a">Bauer-Jelinek, Christine</marc:subfield>
      <marc:subfield code="4">aut</marc:subfield>
      <marc:subfield code="e">Verfasser/-in</marc:subfield>
   </marc:datafield>
   <marc:datafield ind1=" " ind2=" " tag="653">
      <marc:subfield code="a">Feminismus</marc:subfield>
   </marc:datafield>
   <marc:datafield ind1="0" ind2="0" tag="245">
      <marc:subfield code="a">Der falsche Feind</marc:subfield>
   </marc:datafield>
   <marc:datafield ind1="0" ind2="0" tag="245">
      <marc:subfield code="b">schuld sind nicht die Männer</marc:subfield>
   </marc:datafield>
   <marc:datafield ind1="0" ind2="0" tag="245">
      <marc:subfield code="c">Bauer-Jelinek, Christine</marc:subfield>
   </marc:datafield>
   <marc:datafield ind1=" " ind2="1" tag="264">
      <marc:subfield code="a">Salzburg</marc:subfield>
      <marc:subfield code="b">Ecowin</marc:subfield>
      <marc:subfield code="c">2012</marc:subfield>
   </marc:datafield>
   <marc:datafield ind1="1" ind2=" " tag="520">
      <marc:subfield code="a">Christine Bauer-Jelinek übt massive Kritik an der heute üblichen Bevorzugung der Frauen.&lt;br&gt;In den 1970er-Jahren kämpfte sie als Lehrerin und Psychotherapeutin für die Forderungen der Linken und der Frauenbewegung. Heute berät sie sowohl Frauen als auch Männer in Spitzenpositionen von Wirtschaft und Politik.&lt;br&gt;Sie sagt: Der aktuelle Feminismus ist ein Rückschritt er bedroht den Zusammenhalt in unserer Gesellschaft. Halbe-Halbe ist gescheitert die zwanghafte Gleichverteilung überfordert Frauen wie Männer und zwingt Kinder und Alte in die Betreuungseinrichtungen. Die Unterdrückung der Frauen durch die Männer ist ein Mythos Frauen müssen sich nicht ständig als Opfer fühlen.</marc:subfield>
   </marc:datafield>
   <marc:datafield ind1=" " ind2=" " tag="020">
      <marc:subfield code="a">9783711000293</marc:subfield>
      <marc:subfield code="9">9783711000293</marc:subfield>
   </marc:datafield>
   <marc:datafield ind1=" " ind2=" " tag="020">
      <marc:subfield code="a">3711000290</marc:subfield>
      <marc:subfield code="9">3711000290</marc:subfield>
   </marc:datafield>
   <marc:datafield ind1=" " ind2=" " tag="041">
      <marc:subfield code="a">ger</marc:subfield>
   </marc:datafield>
   <marc:datafield ind1=" " ind2=" " tag="338">
      <marc:subfield code="a">Band</marc:subfield>
   </marc:datafield>
   <marc:datafield ind1=" " ind2=" " tag="300">
      <marc:subfield code="a">176 Seiten</marc:subfield>
   </marc:datafield>
</marc:record>
